MARC details
| 000 -LEADER |
| fixed length control field |
00868pam a2200301 a 4500 |
| 001 - CONTROL NUMBER |
| control field |
1020855 |
| 005 - DATE AND TIME OF LATEST TRANSACTION |
| control field |
20231208001637.0 |
| 008 - FIXED-LENGTH DATA ELEMENTS--GENERAL INFORMATION |
| fixed length control field |
880617s1989 ctua b 001 0 eng |
| 020 ## - INTERNATIONAL STANDARD BOOK NUMBER |
| ISBN |
0300043163 (alk. paper) |
| 040 ## - CATALOGING SOURCE (பட்டியலாக்க மூலம்) |
| Original cataloging agency |
DLC |
| Transcribing agency |
DLC |
| Modifying agency |
DLC |
| 082 00 - DDC Classification |
| Class No. |
823/.8/09 |
| DDC Edition Number |
19 |
| Item Number - Author Mark |
Gay. |
| 100 1# - MAIN ENTRY--PERSONAL NAME |
| Personal name |
Tuchman, Gaye. |
| 245 10 - TITLE STATEMENT |
| Title |
Edging women out : |
| Remainder of title |
Victorian novelists, publishers, and social change / |
| Statement of responsibility, etc. |
Gaye Tuchman with Nina E. Fortin. |
| 260 ## - PUBLICATION, DISTRIBUTION, ETC. |
| Place of publication, distribution, etc. |
New Haven : |
| Name of publisher, distributor, etc. |
Yale University Press, |
| Date of publication, distribution, etc. |
1989. |
| 300 ## - PHYSICAL DESCRIPTION |
| Extent (e.g. Volumes, Pages etc.) |
xvii, 266 p. : |
| 500 ## - GENERAL NOTE |
| General note |
Includes index. |
| 650 #0 - SUBJECT ADDED ENTRY--TOPICAL TERM |
| Topical term or geographic name entry element |
English fiction |
| 650 #0 - SUBJECT ADDED ENTRY--TOPICAL TERM |
| Topical term or geographic name entry element |
Women and literature |
| 650 #0 - SUBJECT ADDED ENTRY--TOPICAL TERM |
| Topical term or geographic name entry element |
Authorship |
| 650 #0 - SUBJECT ADDED ENTRY--TOPICAL TERM |
| Topical term or geographic name entry element |
Authorship |
| 650 #0 - SUBJECT ADDED ENTRY--TOPICAL TERM |
| Topical term or geographic name entry element |
Literature and society |
| 650 #0 - SUBJECT ADDED ENTRY--TOPICAL TERM |
| Topical term or geographic name entry element |
Literature publishing |
| 650 #0 - SUBJECT ADDED ENTRY--TOPICAL TERM |
| Topical term or geographic name entry element |
Women |
| 650 #0 - SUBJECT ADDED ENTRY--TOPICAL TERM |
| Topical term or geographic name entry element |
Social change |
| 650 #0 - SUBJECT ADDED ENTRY--TOPICAL TERM |
| Topical term or geographic name entry element |
Sex role |
| 700 1# - ADDED ENTRY--PERSONAL NAME |
| Personal name |
Fortin, Nina E. |
| Relator term (Role) |
Editor |
| 942 ## - Koha item type (Biblio) |
| Koha item type |
Books in Stacks (Lending) |